00330pab a2200121 454500008004000000100001800040245005500058260000900113300001600122362001000138650002600148773003400174180718b2006 xxu||||| |||| 00| 0 eng d aKabra, Asmita aWildlife protection: reintroduction and relocation c2006 ap.1309-311. a8 Apr aWildlife conservation aEconomic and Political Weekly